Дело о производстве печатания книги сочинения Эртеля «Nouvelle méthode d’enseignes la langue Francaise» за сдельную плату

Доступно только в Электронных читальных залах Найти на картеНа карте
RUSMARC
00003652nmc2a2200000 x 450
001419d9152-7e03-4745-b2cf-565fec5899f1
00520151215202133.0
100##$a20150901l18321832k l0rusy0189 ca
1010#$arus
$afre
102##$aRU
2001#$aДело о производстве печатания книги сочинения Эртеля «Nouvelle méthode d’enseignes la langue Francaise» за сдельную плату
$j23 ноября - 1 декабря 1832 г.
251##$cДело
300##$aДело на русском и французском языках
801#0$aRU
$bРГИА
$c20150901
$gRCR
801#1$aRU
$bГлавНИВЦ
$c20150901
$2rusmarc
801#2$aRU
$bПБ им. Б.Н. Ельцина
$c20151215
$gRCR
$2rusmarc
850##$aРГИА
852##$aРГИА
$eФедеральное казенное учреждение "Российский государственный исторический архив" (РГИА)
$j224
937##$hРГИА
$d12092709
$aASBIBLIO_SCAN
462#0$1001a9fc4311-d96c-4d89-aedd-b49335c2f336
$12001
$aДела Хозяйственного отделения Департамента народного просвещения за 1824-1832 гг.
$1251
$cОпись
$1852
$j103
461#0$1001a74412a3-3cc5-4d21-8f0a-dfe2fbd9e72d
$12001
$aДепартамент народного просвещения Министерства народного просвещения
$1251
$cФонд
$1852
$j733
215##$a6 л.
$d36,5х26 см
371##$aДокумент не является опубликованным и широко распространяемым
105##$ay###
1222#$ad
035##$a419d9152-7e03-4745-b2cf-565fec5899f1
Формат отображения